000 00795cam a2200133 4500500
005 20260405085450.0
041 _afre
042 _adc
100 1 0 _aAvezou, Laurent
_eauthor
245 0 0 _aL'Antiquité : Cahier d'exercices
260 _bArmand Colin,
_c2016.
520 _aTestez vos connaissances sur l’Antiquité ! Où est né le premier alphabet ? Comment est mort Héraclès ? De qui Romulus et Remus sont-ils les fils ?De Sumer à Byzance, des Pharaons aux Grandes Invasions, replongez dans l’univers des mythes, des toges et autres calices, avec ce cahier d’exercices ludique et délicieusement illustré de vignettes authentiques et d’anecdotes pittoresques.
856 4 1 _uhttps://shs.cairn.info/l-antiquite--9782200614089?lang=fr&redirect-ssocas=7080
999 _c2197801
_d2197801